| 000 | 00865ngm a22002890a 4500 | ||
|---|---|---|---|
| 001 | PT27560 | ||
| 003 | AR-LpoUNG | ||
| 005 | 20210202000409.0 | ||
| 007 | vd cvaizq | ||
| 008 | 191001s1978||||||||||||||||||||||||ger d | ||
| 040 |
_aAR-LpoUNG _bspa _cAR-LpoUNG _eaacr |
||
| 041 | _ager | ||
| 044 | _a||| | ||
| 082 | 0 | _a320.53 981v1 | |
| 100 | 1 | _aSyberberg, Hans-Jürgen | |
| 245 | 1 | 0 | _aHitler, un film de Alemania |
| 260 |
_as.l. : _bs.n., _c[1978]. |
||
| 300 | _aDVD (440 min.) : son., col. | ||
| 505 | 0 | _aDiálogos alemán con subtítulos en castellano. | |
| 520 | _aOsada obra maestra, realizado con recursos pocos usuales, en donde se analiza y reflexiona alrededor de Hitler y el comportamiento del pueblo alemán. | ||
| 653 | _aCINE Y TOTALITARISMO | ||
| 653 | _aDVD | ||
| 653 | _aNAZISMO | ||
| 653 | _aVIDEOS | ||
| 905 | _a27560 | ||
| 942 | _cDVD | ||
| 999 |
_c54788 _d54788 |
||